AH International Schools' Libraries

The square snake (KHMER) / (Record no. 50438)

MARC details
000 -LEADER
fixed length control field 00262nam a2200097 4500
100 ## - MAIN ENTRY--PERSONAL NAME
Personal name Chhim, Sakthiralot
9 (RLIN) 87311
245 ## - TITLE STATEMENT
Title The square snake (KHMER) /
Statement of responsibility, etc Sakthiralot Chhim
260 ## - PUBLICATION, DISTRIBUTION, ETC. (IMPRINT)
Place of publication, distribution, etc Cambodia
Name of publisher, distributor, etc PDH
Date of publication, distribution, etc 2025
300 ## - PHYSICAL DESCRIPTION
Extent 16 p.
Other physical details col. ill.
Dimensions 27 cm.
942 ## - ADDED ENTRY ELEMENTS (KOHA)
Source of classification or shelving scheme
Koha item type Book
Holdings
Withdrawn status Lost status Source of classification or shelving scheme Damaged status Not for loan Collection code Home library Current library Date acquired Total Checkouts Full call number Barcode Date last seen Price effective from Koha item type
          Siem Riep Asian Hope Primary Library Asian Hope Primary Library 04/27/2026   KHMER E CHH 209370 04/27/2026 04/27/2026 Book

For any Logos Library related questions please contact Miss Art at swongnarasuk@asianhope.org.

For any Asian Hope Library related questions please contact Miss Raza at graza@asianhope.org.

Click here to explore our ebooks!

Powered by Koha